| 000 | 00661nam a2200133Ia 4500 | ||
|---|---|---|---|
| 008 | 160809s9999 xx 000 0 und d | ||
| 100 | _aAjuwon, Paul M. | ||
| 245 | _aGENERAL EDUCATION PRE-SERVICE TEACHERS PERCEPTIONS OF INCLUDING STUDENTS WITH DISABILITIES IN THEIR CLASSROOMS | ||
| 245 | _cPaul M. Ajuwon Missouri State University DeAnn Lechtenberger Nora Griffin-Shirley Stephanie Sokolosky Texas Tech University Li Zhou Mississippi State Frank E. Mullins University of Texas. | ||
| 260 | _bInternational Journal of Special Education | ||
| 260 | _c2012 | ||
| 650 | _xSPECIAL EDUCATION | ||
| 856 | _uhttp://www.internationaljournalofspecialed.com/issues.php | ||
| 999 |
_c300374 _d300374 |
||